Xây dựng hệ thống phân lịch thi tín chỉ tại Trường Cao đẳng Thương mại Đà Nẵng.
Tổng quan một số vấn đề cơ sở. Ứng dụng giải thuật di truyền để phân lịch thi tín chỉ trường Cao đẳng Thương mại Đà Nẵng. Xây dựng hệ thống phân lịch thi tín chỉ trường Cao đẳng Thương mại Đà Nẵng
Αποθηκεύτηκε σε:
| Κύριος συγγραφέας: | |
|---|---|
| Άλλοι συγγραφείς: | |
| Μορφή: | Βιβλίο |
| Γλώσσα: | Vietnamese |
| Έκδοση: |
Đà Nẵng
Đại học Đà Nẵng
2016
|
| Θέματα: | |
| Ετικέτες: |
Προσθήκη ετικέτας
Δεν υπάρχουν, Καταχωρήστε ετικέτα πρώτοι!
|
| Thư viện lưu trữ: | Mạng thư viện Đại học Đà Nẵng |
|---|
| LEADER | 01828nam a2200373 4500 | ||
|---|---|---|---|
| 001 | 000024134 | ||
| 003 | 20613 | ||
| 005 | 20161221101235.0 | ||
| 008 | 161011s2016 viesd | ||
| 041 | |a vie | ||
| 082 | 1 | 4 | |a 006.78 |b DƯ-V |
| 100 | 1 | |a Dương Hồng Vinh | |
| 245 | 1 | |a Xây dựng hệ thống phân lịch thi tín chỉ tại Trường Cao đẳng Thương mại Đà Nẵng. |c Dương Hồng Vinh ; Hoàng Thị Thanh Hà hướng dẫn. |k Luận văn Thạc sĩ | |
| 260 | |a Đà Nẵng |b Đại học Đà Nẵng |c 2016 | ||
| 300 | |a 46 tr. ; phụ lục 5 tr. |c 29 cm. |e Tóm tắt | ||
| 500 | |a Luận văn thạc sĩ. Chuyên ngành: Hệ thống thông tin. Mã số: 60.48.01.04 | ||
| 520 | 3 | |a Tổng quan một số vấn đề cơ sở. Ứng dụng giải thuật di truyền để phân lịch thi tín chỉ trường Cao đẳng Thương mại Đà Nẵng. Xây dựng hệ thống phân lịch thi tín chỉ trường Cao đẳng Thương mại Đà Nẵng | |
| 650 | 0 | 4 | |a Hệ thống đa phương tiện (phần mềm) |v Luận văn tốt nghiệp |x Xây dựng |x Phân lịch thi |z Đà Nẵng |
| 653 | |a Hệ thống thông tin | ||
| 653 | |a Lịch thi | ||
| 653 | |a Tín chỉ | ||
| 653 | |a Giáo dục cao đẳng | ||
| 653 | |a Phần mềm máy tính | ||
| 700 | 1 | |a Hoàng Thị Thanh Hà |c TS. |e Hướng dẫn | |
| OWN | |a LSP | ||
| AVA | |a UDN50 |b LSP |d 006.78 DƯ-V |e available |t Error 5001 Not defined in file expand_doc_bib_avail. |f 1 |g 0 |h N |i 0 |k 1 | ||
| 999 | |a From the UDN01 | ||
| AVA | |a UDN50 |b LSP |d 006.78 DƯ-V |e available |t Error 5001 Not defined in file expand_doc_bib_avail. |f 1 |g 0 |h N |i 0 |k 1 | ||
| TYP | |a Monograph | ||
| TYP | |a Printed language | ||
| 980 | |a Mạng thư viện Đại học Đà Nẵng | ||